000 00841 a2200205 4500
001 54260
005 20260407155813.0
008 260407a1975 arg spa d
003 AR-UNSa-BCEJYS
040 _aAR-UNSa-BCEJYS
_bspa
_cAR-UNSa-BCEJYS
080 _a330.13
_xRentabilidad. Principio económico. Utilidad. Valor. Principio del valor
245 1 0 _aEl papel de las funciones de producción generalizadas en la teoría del costo
264 1 _aBuenos Aires :
_bEl Coloquio
_c1975
300 _a152 p.
_c21 cm.
505 _a1. Generalidades sobre la teoría del costo y la producción – 2. Teorema de Wicksell-Johson – 3. Teorema fundamental de la teoría del costo – 4. Funciones de producción generalizadas.
041 _aspa
942 _cBK
590 _aniveau_biblio:m niveau_hierar:0
100 1 _aFernandez Pol, Jorge E.
999 _c5430
_d5430